000 00476 a2200169 4500
003 OSt
005 20231220155137.0
008 231220b |||||||| |||| 00| 0 eng d
020 _a9789352290680
040 _coclc
082 _a891.433
_bSET/S
100 _aSeth, Rajee
_910175
245 _aSAAT LAMBI KAHANIYAN /
_cRajee Seth
260 _aNew Delhi:
_bVani Prakashan,
_c2015.
300 _a152p
942 _2ddc
_cBK
_h891.433
_iSET/S
_k891.433
_mSET/S
999 _c43521
_d43521